|
|
|
|
| LEADER |
00658cam a2200181 7i4500 |
| 001 |
0000027182 |
| 005 |
20111103090000.0 |
| 020 |
0 |
0 |
|a 9780470339664
|
| 090 |
0 |
0 |
|a B 338.762138456
|b STE
|
| 100 |
1 |
0 |
|a Steinbock
|
| 245 |
1 |
0 |
|a Winning across global markets :
|b how Nokia creates strategic advantage in a fast-changing world.
|
| 260 |
0 |
0 |
|a San Francisco:
|b Jossey-Bass,
|c 2010.
|
| 300 |
# |
# |
|a 291 p.
|
| 650 |
0 |
0 |
|a Nokia (Firm) --
|x Management
|
| 650 |
0 |
0 |
|a Cellular telephone equipment industry --
|x Management --
|z Finland
|
| 650 |
0 |
0 |
|a Cellular telephone systems
|
| 650 |
0 |
0 |
|a Telecommunication --
|x Management
|
| 999 |
|
|
|a B000029506
|b Book
|c Book
|e Business Information Centre
|